Postmodern cities and spaces = Ciudades y espacios posmodernos /
Na minha lista:
| Autor principal: | |
|---|---|
| Formato: | Desconhecido |
| Idioma: | English |
| Publicado em: |
Oxford, UK ; Cambridge, Mass :
Blackwell,
1995.
|
| Assuntos: | |
| Tags: |
Adicionar Tag
Sem tags, seja o primeiro a adicionar uma tag!
|
MARC
| LEADER | 000000000a22000000004500 | ||
|---|---|---|---|
| 001 | 014231 | ||
| 020 | |a 0631194045 | ||
| 041 | 0 | |a eng | |
| 082 | 0 | 4 | |a 307.76 |b W342p |
| 100 | 1 | |a Watson, Sophie | |
| 245 | 1 | 0 | |a Postmodern cities and spaces = |b Ciudades y espacios posmodernos / |c Sophie Watson. |
| 246 | 3 | 1 | |a Ciudades y espacios posmodernos |
| 260 | 1 | |a Oxford, UK ; Cambridge, Mass : |b Blackwell, |c 1995. | |
| 300 | |a 269 páginas ; |c 22 cm. | ||
| 650 | 4 | |a CUDADES Y PUEBLOS | |
| 650 | 4 | |a POSMODERNISMO | |
| 650 | 4 | |a ASPECTOS SOCIALES | |
| 650 | 4 | |a SOCIOLOGIA URBANA | |
| 500 | |a Colección George Yúdice | ||
| 999 | |c 20126 |d 20126 | ||
| 942 | |c BK |h 307.76 W342p |2 z | ||



